Least Developed Countries - Statistics

General Stats
  • This quiz has been taken 88 times
  • The average score is 42 of 47
Answer Stats
Hint Answer % Correct
Africa Chad
95%
Africa Democratic Republic of the Congo
95%
Africa Ethiopia
95%
Africa Rwanda
95%
Africa Uganda
95%
Africa Central African Republic
93%
Africa Mauritania
93%
Africa Sierra Leone
93%
Africa Somalia
93%
Africa Angola
92%
Africa Burundi
92%
Africa Eritrea
92%
Africa Liberia
92%
Africa Mali
92%
Africa Togo
92%
Asia Afghanistan
90%
Africa Benin
90%
Asia Cambodia
90%
Africa Gambia
90%
Africa Guinea
90%
North America Haiti
90%
Asia Laos
90%
Asia Myanmar
90%
Asia Nepal
90%
Africa Niger
90%
Africa South Sudan
90%
Africa Sudan
90%
Oceania Tuvalu
90%
Oceania Vanuatu
90%
Africa Zambia
90%
Africa Guinea-Bissau
89%
Africa Lesotho
89%
Africa Tanzania
89%
Asia Bhutan
87%
Africa Burkina Faso
87%
Africa Comoros
87%
Africa Djibouti
87%
Oceania Kiribati
87%
Africa Malawi
87%
Africa Mozambique
85%
Africa Senegal
84%
Oceania Solomon Islands
84%
Africa Madagascar
82%
Africa São Tomé and Príncipe
82%
Asia Bangladesh
80%
Asia Yemen
79%
Asia East Timor
69%
No matching quizzes found
Score Distribution
Percent of People with Each Score
Percentile by Number Answered
Your Score History
You have not taken this quiz